书目信息 |
| 题名: |
沃尔玛王朝
|
|
| 作者: | 理查·哈默尔 著 ;沈葳 译 | |
| 分册: | ||
| 出版信息: | 天津 天津科学技术出版社 2004.08 |
|
| 页数: | 245页 | |
| 开本: | 21cm | |
| 丛书名: | ||
| 单 册: | ||
| 中图分类: | F737.124.2 | |
| 科图分类: | ||
| 主题词: | 零售商业--连锁商店--商业经营--经验--美国 , 零售商业 , 连锁商店 , 商业经营 | |
| 电子资源: | ||
| ISBN: | 7-5308-3760-5 | |
| 000 | 01159nam0 2200325 45 | |
| 001 | LZJ432634 | |
| 005 | 20060914090536.85 | |
| 010 | @a7-5308-3760-5@dCNY32.80 | |
| 092 | @aCN@b432634 | |
| 100 | @a20050713d2004 em y0chiy0121 ea | |
| 101 | 1 | @achi@ceng |
| 102 | @aCN@b110000 | |
| 105 | @ay z 000yy | |
| 200 | 1 | @a沃尔玛王朝@Awo er ma wang chao@e从优秀到卓越的经营之道@f(美)理查·哈默尔编@F( mei ) li cha· ha mo er bian@g沈葳译@Gshen wei yi |
| 210 | @a天津@c天津科学技术出版社@d2004.08 | |
| 215 | @a245页@d21cm | |
| 300 | @a世界第一大企业成功创业传奇 | |
| 314 | @a理查·哈默尔,博士。美国三所学校教授,多家著名企业顾问 | |
| 330 | @a本书便是针对山姆·沃尔顿时代的沃尔玛百货经营,通过多种角度的观察,希望能让这个全球最大零售王国的传奇内容成为可以学习的企业经营知识。 | |
| 510 | 1 | @aThe wal mart decade@zeng |
| 606 | 0 | @a零售商业@x连锁商店@x商业经营@x经验@y美国 |
| 606 | 0 | @a零售商业 |
| 606 | 0 | @a连锁商店 |
| 606 | 0 | @a商业经营 |
| 690 | @aF737.124.2@v4 | |
| 701 | 0 | @a理查·哈默尔@Ali cha· ha mo er@4著 |
| 702 | 0 | @a沈葳@Ashen wei@4译 |
| 801 | 0 | @aCN@bLZJBOOK@c20060914 |
| 905 | @aBZT@dF737.124.2@e1 | |
| 906 | @dCNY32.80@n0@r1 | |
| 沃尔玛王朝:从优秀到卓越的经营之道/(美)理查·哈默尔编/沈葳译.-天津:天津科学技术出版社,2004.08 |
| 245页;21cm |
| 世界第一大企业成功创业传奇 |
| ISBN 7-5308-3760-5:CNY32.80 |
| 本书便是针对山姆·沃尔顿时代的沃尔玛百货经营,通过多种角度的观察,希望能让这个全球最大零售王国的传奇内容成为可以学习的企业经营知识。 |
| ● |
| 相关链接 |
|
|
|
正题名:沃尔玛王朝
索取号:F737.124.2/1
 
预约/预借
| 序号 | 登录号 | 条形码 | 馆藏地/架位号 | 状态 | 备注 |
| 1 | 457218 | 230013932 | 中心书库北库/ 北库037架B面2列1层45/ [索取号:F737.124.2/1] | 在馆 | |
| 2 | 457219 | 230013931 | 中心书库北库/ 北库037架B面2列1层46/ [索取号:F737.124.2/1] | 在馆 | |
| 3 | 457220 | 230013930 | 中心书库北库/ 北库037架B面2列1层43/ [索取号:F737.124.2/1] | 在馆 | |
| 4 | 457221 | 230013929 | 中心书库北库/ 北库037架B面2列1层47/ [索取号:F737.124.2/1] | 在馆 | |
| 5 | 457222 | 230013928 | 中心书库北库/ 北库037架B面2列1层44/ [索取号:F737.124.2/1] | 在馆 |